000 00469pab a2200157 454500
008 180718b2004 xxu||||| |||| 00| 0 eng d
100 _aPfaff, Alexander
245 _aBig field, small potatoes: an empirical assessment of EPA's self-audit policy
260 _c2004
300 _ap.415-32.
362 _aSummer
650 _aEnvironmental conservation
700 _aSanchirico, Chris William
773 _aJournal of Policy Analysis and Management
909 _a61480
999 _c61480
_d61480